Loading...
| Science - Other Science | 0 | 4 | 0 | 1 | 40 | 25 | 51.00 | 0 | 3 |
| Science - Biology | 0 | 4 | 0 | 1 | 40 | 8 | 60.75 | 1 | 3 |
| Science - Physics | 0 | 5 | 2 | 2 | 40 | 29 | 62.40 | 2 | 3 |
| Religion | 0 | 3 | 0 | 1 | 30 | 95 | 101.00 | 0 | 0 |
| Social Science | 0 | 3 | 0 | 1 | 30 | 42 | 69.00 | 1 | 1 |
| Science - Chemistry | 0 | 3 | 1 | 0 | 25 | 22 | 54.33 | 1 | 1 |
| History - World History | 0 | 2 | 0 | 0 | 20 | 29 | 34.50 | 0 | 1 |
| Painting/Sculpture | 0 | 1 | 0 | 0 | 10 | 60 | 60.00 | 0 | 0 |
| Literature - American Literature | 0 | 1 | 0 | 0 | 10 | 27 | 27.00 | 1 | 1 |
| Literature - European Literature | 0 | 1 | 0 | 1 | 10 | 121 | 121.00 | 0 | 0 |
| Mythology | 0 | 1 | 0 | 0 | 10 | 59 | 59.00 | 0 | 0 |
| Current Events | 0 | 1 | 1 | 0 | 5 | 66 | 66.00 | 0 | 1 |
| History - American History | 0 | 0 | 1 | 0 | -5 | 0.00 | 0 | 0 |